<?xml version="1.0" encoding="UTF-8"?>
<collection xmlns="http://www.loc.gov/MARC21/slim">
<record>
  <controlfield tag="001">145415</controlfield>
  <controlfield tag="005">20241024135331.0</controlfield>
  <datafield tag="024" ind1="7" ind2=" ">
    <subfield code="2">doi</subfield>
    <subfield code="a">10.7557/1.13.1.7540</subfield>
  </datafield>
  <datafield tag="024" ind1="8" ind2=" ">
    <subfield code="2">sideral</subfield>
    <subfield code="a">140098</subfield>
  </datafield>
  <datafield tag="037" ind1=" " ind2=" ">
    <subfield code="a">ART-2024-140098</subfield>
  </datafield>
  <datafield tag="041" ind1=" " ind2=" ">
    <subfield code="a">spa</subfield>
  </datafield>
  <datafield tag="100" ind1=" " ind2=" ">
    <subfield code="a">Horno-Chéliz, María del Carmen</subfield>
    <subfield code="u">Universidad de Zaragoza</subfield>
    <subfield code="0">(orcid)0000-0001-9499-4015</subfield>
  </datafield>
  <datafield tag="245" ind1=" " ind2=" ">
    <subfield code="a">Sobre la posible naturaleza discreta de las categorías léxicas. Evidencias del estudio psico- y neurolingüístico</subfield>
  </datafield>
  <datafield tag="260" ind1=" " ind2=" ">
    <subfield code="c">2024</subfield>
  </datafield>
  <datafield tag="520" ind1="3" ind2=" ">
    <subfield code="a">Dentro del debate clásico entre la naturaleza discreta o continua de los fenómenos lingüísticos, existe una controversia acerca de la relación que mantienen entre sí las distintas categorías léxicas y sobre la relación que mantienen, internamente, las distintas palabras que forman parte de una determinada categoría. En esta contribución presentamos los resultados de los estudios topológicos que aporta la Neurolingüística y de los estudios de adquisición, pérdida, procesamiento y almacenamiento que se realizan en Psicolingüística para tratar de comprobar si existe algún indicio a favor o en contra de la naturaleza discreta de las categorías léxicas, con especial atención a la distinción entre nombres y verbos y a las lenguas indoeuropeas. Como resultado de este trabajo, consideramos que existen indicios suficientes para considerar que los hablantes distinguen de forma discreta y homogénea las categorías léxicas, pero que, además, establecen una serie de correlaciones adicionales entre los miembros de estas categorías y diferentes propiedades (entre las que destaca el componente semántico). En este sentido, creemos necesario que se distinga entre estos dos niveles de estudio: la naturaleza discreta y automatizada de las categorías léxicas y las diversas correlaciones que tanto los hablantes como los propios investigadores pueden hacer con distintas variables de estudio.</subfield>
  </datafield>
  <datafield tag="506" ind1="0" ind2=" ">
    <subfield code="a">Access copy available to the general public</subfield>
    <subfield code="f">Unrestricted</subfield>
  </datafield>
  <datafield tag="536" ind1=" " ind2=" ">
    <subfield code="9">info:eu-repo/grantAgreement/ES/MICINN-AEI/PID2021-123302NB-I00</subfield>
    <subfield code="9">info:eu-repo/grantAgreement/ES/MICINN/PID2019-111198GB-I00</subfield>
  </datafield>
  <datafield tag="540" ind1=" " ind2=" ">
    <subfield code="9">info:eu-repo/semantics/openAccess</subfield>
    <subfield code="a">by</subfield>
    <subfield code="u">http://creativecommons.org/licenses/by/3.0/es/</subfield>
  </datafield>
  <datafield tag="655" ind1=" " ind2="4">
    <subfield code="a">info:eu-repo/semantics/article</subfield>
    <subfield code="v">info:eu-repo/semantics/publishedVersion</subfield>
  </datafield>
  <datafield tag="710" ind1="2" ind2=" ">
    <subfield code="1">3013</subfield>
    <subfield code="2">575</subfield>
    <subfield code="a">Universidad de Zaragoza</subfield>
    <subfield code="b">Dpto. Lingüíst.y Liter.Hispán.</subfield>
    <subfield code="c">Área Lingüística General</subfield>
  </datafield>
  <datafield tag="773" ind1=" " ind2=" ">
    <subfield code="g">13, 1 (2024), [16 pp.]</subfield>
    <subfield code="p">Borealis (Tromsø)</subfield>
    <subfield code="t">Borealis (Tromsø)</subfield>
    <subfield code="x">1893-3211</subfield>
  </datafield>
  <datafield tag="856" ind1="4" ind2=" ">
    <subfield code="s">300455</subfield>
    <subfield code="u">http://zaguan.unizar.es/record/145415/files/texto_completo.pdf</subfield>
    <subfield code="y">Versión publicada</subfield>
  </datafield>
  <datafield tag="856" ind1="4" ind2=" ">
    <subfield code="s">2548402</subfield>
    <subfield code="u">http://zaguan.unizar.es/record/145415/files/texto_completo.jpg?subformat=icon</subfield>
    <subfield code="x">icon</subfield>
    <subfield code="y">Versión publicada</subfield>
  </datafield>
  <datafield tag="909" ind1="C" ind2="O">
    <subfield code="o">oai:zaguan.unizar.es:145415</subfield>
    <subfield code="p">articulos</subfield>
    <subfield code="p">driver</subfield>
  </datafield>
  <datafield tag="951" ind1=" " ind2=" ">
    <subfield code="a">2024-10-24-12:12:34</subfield>
  </datafield>
  <datafield tag="980" ind1=" " ind2=" ">
    <subfield code="a">ARTICLE</subfield>
  </datafield>
</record>
</collection>